000 00558nam a2200217Ia 4500
003 GCL
008 140319s9999 xx 000 0 eng d
040 _aGCL /
_cGCL
082 0 4 _a910.202
_bF N
100 1 _aFODOR'S TRAVEL GUIDES
245 1 0 _aNORTH AFRICA: ALGERIA, MOROCCO, TUNISIA /
_cFODOR'S TRAVEL GUIDES
260 _a[S.N] :
_bFOODOR'S TRAVEL GUIDES ،
_c1983
300 _a408 P
490 _aFODOR'S
_v0
650 0 4 _aTRAVELS
650 0 4 _aMOROCCO
650 0 4 _aNORTH AFRICA
650 0 4 _aALGERIA
650 0 4 _aTUNISIA
942 _2ddc
_cBK
999 _c19603
_d19603